书目信息 |
| 题名: |
准备金评估模型及数值示例
|
|
| 作者: | 张连增 编著 | |
| 分册: | ||
| 出版信息: | 天津 南开大学出版社 2013 |
|
| 页数: | 171页 | |
| 开本: | 26cm | |
| 丛书名: | ||
| 单 册: | ||
| 中图分类: | F840.4 | |
| 科图分类: | ||
| 主题词: | 保险--理赔--准备金--评估--高等学校--教材 , 保险 , 理赔 , 准备金 | |
| 电子资源: | ||
| ISBN: | 978-7-310-04216-6 | |
| 000 | 00952nam0 2200277 450 | |
| 001 | 523 | |
| 005 | 20140909165558.73 | |
| 010 | @a978-7-310-04216-6@dCNY25.00 | |
| 100 | @a20130916d2013 em y0chiy50 ea | |
| 101 | 0 | @achi |
| 102 | @aCN@b120000 | |
| 105 | @ay z 000yy | |
| 106 | @ar | |
| 200 | 1 | @a准备金评估模型及数值示例@AZhun Bei Jin Ping Gu Mo Xing Ji Shu Zhi Shi Li@f张连增编著@FZhang Lian Zeng Bian Zhu |
| 210 | @a天津@c南开大学出版社@d2013 | |
| 215 | @a171页@d26cm | |
| 300 | @a高等院校经济类实验课程系列教材 | |
| 330 | @a本书介绍了非寿险未决赔款准备金评估的各种方法,侧重于随机性方法。内容包括:引言和符号、基本方法、链梯模型、贝叶斯模型、分布模型、广义线性模型、拔靴法等。 | |
| 606 | 0 | @a保险@x理赔@x准备金@x评估@x高等学校@j教材 |
| 606 | 0 | @a保险 |
| 606 | 0 | @a理赔 |
| 606 | 0 | @a准备金 |
| 690 | @aF840.4@v5 | |
| 701 | 0 | @a张连增@AZhang Lian Zeng@4编著 |
| 801 | 0 | @aCN@bTANGWEI@c20140603 |
| 905 | @b0839377-79@dF840.4@e80@f3 | |
| 准备金评估模型及数值示例/张连增编著.-天津:南开大学出版社,2013 |
| 171页;26cm |
| 高等院校经济类实验课程系列教材 |
| ISBN 978-7-310-04216-6:CNY25.00 |
| 本书介绍了非寿险未决赔款准备金评估的各种方法,侧重于随机性方法。内容包括:引言和符号、基本方法、链梯模型、贝叶斯模型、分布模型、广义线性模型、拔靴法等。 |
| ● |
| 相关链接 |
|
|
|
|
正题名:准备金评估模型及数值示例
索取号:F840.4/80
 
预约/预借
| 序号 | 登录号 | 条形码 | 馆藏地/架位号 | 状态 | 备注 |
| 1 | 0839377 | 208393772 | 第一样本阅览室/ [索取号:F840.4/80] | 在馆 | |
| 2 | 0839378 | 208393781 | 第一借阅区/ [索取号:F840.4/80] | 在馆 | |
| 3 | 0839379 | 208393790 | 密集书库-海洋学院/ [索取号:F840.4/80] | 在馆 |